| 000 | 00563nam a22001817a 4500 | ||
|---|---|---|---|
| 003 | JO-AjAnu | ||
| 005 | 20240921100744.0 | ||
| 008 | 240918b jo ||||| |||| 00| 0 ara d | ||
| 040 |
_aJO-AjAnu _bENG _cJO-AjAnu |
||
| 041 | _hENG | ||
| 100 |
_aGhadaireh, Mo'men Ghassan Nawwaf _eprepared _966232 |
||
| 245 |
_a On (d,e) - Lindelofness Topological Spaces/ _c prepared Mo'men Ghassan Nawwaf Ghadaireh _b ; Supervisior Ali Atoom |
||
| 260 | _c2024 | ||
| 300 | _a63 pages | ||
| 650 | _vMathematics | ||
| 700 |
_aAli Atoom _eSupervisor _966233 |
||
| 942 |
_2lcc _cTHS _n0 |
||
| 999 |
_c33698 _d33698 |
||